000
00337nam a2200133Ia 4500
008
240624s9999 xx 000 0 und d
041
_a
eng
082
_a
658.314 BUC
100
_a
PROCTOR TONY
245
_a
ESSENCE OF MANAGEMENT CREATIVITY
260
_c
2002
_a
New Delhi
_b
Prentice-Hall
300
_a
x, : 222 : p. : cm. ; 22
365
_c
RS
999
_c
248
_d
248